[Event "ICS rated blitz match"]
[Site "204.178.125.65"]
[Date "1999.10.11"]
[Round "?"]
[White "Hossa"]
[Black "Trifolium"]
[Result "1/2-1/2"]
[WhiteElo "2393"]
[BlackElo "2396"]
[PlyCount "225"]
[EventDate "1999.??.??"]

1. e4 e5 2. Nf3 Nc6 3. Bb5 a6 4. Ba4 Nf6 5. Bxc6 dxc6 6. d3 Bg4 7. Bg5 Bc5 8.
O-O O-O 9. Nbd2 Qe7 10. Nc4 h6 11. Bxf6 gxf6 12. Ne3 Bxe3 13. fxe3 f5 14. exf5
Bxf5 15. Nd2 Qg5 16. Qf3 Bg4 17. Qf2 Kh8 18. Ne4 Qg7 19. Qf6 Rad8 20. Rf2 Qxf6
21. Nxf6 Be6 22. a4 c5 23. b3 b6 24. a5 Ra8 25. Ra4 c4 26. dxc4 Rfd8 27. g4 Bd7
28. Nxd7 Rxd7 29. axb6 cxb6 30. Rf6 h5 31. gxh5 Rd1+ 32. Kg2 Rd2+ 33. Rf2 Rd7
34. Kg3 Kg7 35. Rf5 f6 36. e4 Rd4 37. Kf3 Rd2 38. Rb4 Rb8 39. c5 Rxc2 40. cxb6
a5 41. Rb5 Rxh2 42. Rxa5 Rxb6 43. Kg3 Re2 44. Ra7+ Kh6 45. Kf3 Rd2 46. Ra3 Rd3+
47. Kg4 Re3 48. Ra4 Rexb3 49. Rf2 Rb1 50. Raa2 Rg1+ 51. Rg2 Rbb1 52. Kf5 Rxg2
53. Rxg2 Rf1+ 54. Ke6 Kxh5 55. Rg3 Rf4 56. Rg7 Kh6 57. Kf7 f5 58. exf5 Rxf5+
59. Ke6 Rf1 60. Rg4 Kh5 61. Re4 Rf2 62. Kxe5 Kg5 63. Kd5 Kf6 64. Rg4 Rd2+ 65.
Ke4 Rh2 66. Kd5 Rf2 67. Rg3 Rc2 68. Rg1 Rd2+ 69. Ke4 Rf2 70. Kd5 Re2 71. Rg3
Rd2+ 72. Ke4 Rh2 73. Kf4 Rc2 74. Rf3 Ke6 75. Ke4 Rc4+ 76. Ke3 Rb4 77. Rf4 Rb3+
78. Ke4 Rb2 79. Kf3 Rh2 80. Rd4 Ke5 81. Rd1 Rh3+ 82. Ke2 Ke4 83. Kd2 Rd3+ 84.
Kc2 Ra3 85. Rf1 Ra7 86. Kc3 Rc7+ 87. Kb4 Rc2 88. Rd1 Ke5 89. Rf1 Ke6 90. Rd1
Re2 91. Kc4 Rh2 92. Kd3 Ke5 93. Rf1 Rh3+ 94. Kd2 Ke4 95. Rf2 Rd3+ 96. Ke2 Ra3
97. Ke1 Ra7 98. Rd2 Ra1+ 99. Kf2 Rh1 100. Rd6 Rh2+ 101. Kg3 Rh7 102. Rf6 Rg7+
103. Kf2 Rc7 104. Re6+ Kd5 105. Re3 Rh7 106. Kf3 Rf7+ 107. Kg3 Kd4 108. Re2 Kd3
109. Re1 Rc7 110. Re5 Kd4 111. Kf4 Rf7+ 112. Rf5 Rh7 113. Re5 {
Game drawn by the 50 move rule} 1/2-1/2

[Event "ICS rated blitz match"]
[Site "204.178.125.65"]
[Date "1999.10.11"]
[Round "?"]
[White "Hossa"]
[Black "Trifolium"]
[Result "0-1"]
[WhiteElo "2370"]
[BlackElo "2419"]
[PlyCount "107"]
[EventDate "1999.??.??"]

1. e4 c5 2. Nf3 Nc6 3. d4 cxd4 4. Nxd4 e5 5. Nb5 d6 6. c4 Be7 7. N1c3 a6 8. Na3
Be6 9. Bd3 Nf6 10. Nc2 O-O 11. O-O Rc8 12. Nd5 Na5 13. Nxe7+ Qxe7 14. b3 Bg4
15. f3 Be6 16. Bg5 Nc6 17. Be2 b6 18. Qd3 Rfd8 19. Rad1 a5 20. f4 h6 21. Bxf6
Qxf6 22. Qe3 exf4 23. Rxf4 Qb2 24. Rd2 Ne5 25. Nd4 Qa3 26. Qf2 Bd7 27. Bh5 Rf8
28. Rd1 a4 29. Nf3 axb3 30. Nxe5 dxe5 31. Rf3 Qxa2 32. Qxb6 Be6 33. Rxb3 Rxc4
34. Re3 Rc2 35. Rg3 Qa4 36. Qe3 Ra2 37. Kh1 Ra1 38. Qe1 Ra8 39. Rgd3 Ra2 40.
Rd8+ Kh7 41. R8d3 Qc6 42. Rd6 Qc5 43. Rd8 Rxd8 44. Rxd8 Qe7 45. Rb8 Qh4 46. Rb1
Qxh5 47. Qg3 Qe2 48. Qf3 f5 49. exf5 Qxf3 50. gxf3 Bxf5 51. Re1 Bh3 52. Rg1 Rf2
53. Rg3 Rf1+ 54. Rg1 {Hossa resigns} 0-1

[Event "ICS rated blitz match"]
[Site "204.178.125.65"]
[Date "1999.10.11"]
[Round "?"]
[White "Hossa"]
[Black "Trifolium"]
[Result "0-1"]
[WhiteElo "2383"]
[BlackElo "2406"]
[PlyCount "115"]
[EventDate "1999.??.??"]

1. e4 c5 2. Nf3 Nc6 3. d4 cxd4 4. Nxd4 g6 5. Nc3 Bg7 6. Be3 Nf6 7. Nxc6 bxc6 8.
e5 Ng8 9. Bf4 Rb8 10. Qc1 Qa5 11. Be2 Bxe5 12. Bxe5 Qxe5 13. O-O Nf6 14. Re1
Qd4 15. Rb1 d6 16. Rd1 Qe5 17. Bf3 Ng4 18. Bxg4 Bxg4 19. Re1 Qf5 20. Qe3 Qd7
21. Qg5 Be6 22. Qh6 Qb7 23. b4 Kd7 24. b5 cxb5 25. Rxb5 Qc6 26. Rxb8 Rxb8 27.
Qd2 Rb2 28. a3 Kd8 29. Rc1 Bb3 30. Qd3 Qc5 31. a4 Qg5 32. Qd1 Qf5 33. g4 Qf4
34. a5 Be6 35. h3 Qe5 36. Qd3 Qxa5 37. Rd1 h5 38. f3 hxg4 39. fxg4 Qc5+ 40. Kh1
Qc6+ 41. Kh2 Bc4 42. Qd2 Bb3 43. Rc1 a5 44. Kg1 a4 45. Kh2 a3 46. h4 a2 47. Ne2
Bxc2 48. Qh6 Qb5 49. Kg3 Qd3+ 50. Kf2 Rb1 51. Rxc2 Qxc2 52. Qh8+ Kd7 53. Qc3
Qxc3 54. Nxc3 Rb2+ 55. Ne2 Rxe2+ 56. Kxe2 a1=Q 57. Kf2 Qd4+ 58. Kg3 {
Hossa resigns} 0-1

[Event "ICS rated blitz match"]
[Site "204.178.125.65"]
[Date "1999.10.17"]
[Round "?"]
[White "Hossa"]
[Black "Trifolium"]
[Result "1/2-1/2"]
[WhiteElo "2554"]
[BlackElo "2503"]
[PlyCount "116"]
[EventDate "1999.??.??"]

1. d4 Nc6 2. Nf3 d5 3. Nbd2 Bg4 4. h3 Bf5 5. e3 Qd6 6. g4 Bd7 7. e4 e5 8. exd5
Nxd4 9. Nxd4 exd4 10. Qe2+ Ne7 11. Bg2 O-O-O 12. Nc4 Qc5 13. d6 cxd6 14. b3 b5
15. Ba3 b4 16. Bb2 Nc6 17. O-O-O h5 18. Rhe1 Re8 19. Qf3 Rxe1 20. Rxe1 Qg5+ 21.
Kb1 hxg4 22. hxg4 d5 23. Qxd5 Qxd5 24. Bxd5 Bc5 25. Bxf7 Rf8 26. Ne5 Nxe5 27.
Rxe5 Bb6 28. Bh5 Rxf2 29. Bc1 Rf1 30. Re7 g6 31. Bxg6 Bxg4 32. Kb2 Rf2 33. Bg5
Bd7 34. Rg7 Bc5 35. Bd3 Bf8 36. Rh7 Kc7 37. Bb5 Rf5 38. Rxd7+ Kb6 39. Bd8+ Kxb5
40. Rxa7 Rf2 41. Ra5+ Kc6 42. Ra6+ Kd7 43. Rf6 Rxf6 44. Bxf6 Bc5 45. Kc1 Ke6
46. Bd8 Ke5 47. Kd2 Ke4 48. Ke2 Bd6 49. Bh4 Bc5 50. Bg3 Be7 51. Bh2 Bc5 52. Bb8
Bf8 53. Bc7 Be7 54. Bg3 Bf8 55. Bb8 Be7 56. Bg3 Bf8 57. Bb8 Be7 58. Bg3 58...
Bf8 {Game drawn by repetition} 1/2-1/2

[Event "ICS rated blitz match"]
[Site "204.178.125.65"]
[Date "1999.10.03"]
[Round "?"]
[White "Hossa"]
[Black "Umax"]
[Result "0-1"]
[WhiteElo "2385"]
[BlackElo "2389"]
[PlyCount "112"]
[EventDate "1999.??.??"]

1. e4 c5 2. Nf3 d6 3. d4 cxd4 4. Nxd4 Nf6 5. Nc3 a6 6. Bg5 Nbd7 7. f4 h6 8.
Bxf6 Nxf6 9. f5 Qb6 10. Rb1 g5 11. fxg6 fxg6 12. Bd3 Bg4 13. Be2 Bxe2 14. Kxe2
e5 15. Ne6 Kd7 16. Rf1 Be7 17. Nd5 Qb5+ 18. Kf2 Rac8 19. a4 Qc6 20. Nxf6+ Kxe6
21. Qd5+ Qxd5 22. Nxd5 Rxc2+ 23. Kg3 Rhc8 24. b3 Re2 25. Kf3 Rcc2 26. h3 Bg5
27. g3 h5 28. h4 Bh6 29. Nc7+ Kf7 30. Nd5 g5 31. hxg5 Bxg5 32. b4 Ke6 33. Nc7+
Ke7 34. Nd5+ Kd7 35. Rbd1 Rh2 36. Rd3 Ke6 37. Rc3 Rb2 38. b5 Bd2 39. Ra3 Ba5
40. bxa6 bxa6 41. Ke3 Bd8 42. Kf3 h4 43. Rd3 hxg3 44. Rg1 g2 45. Kg3 Rh1 46.
Rxg2 Bh4+ 47. Kf3 Rf1+ 48. Kg4 Rxg2+ 49. Kxh4 Rg7 50. Rg3 Rh1+ 51. Rh3 Rhg1 52.
Rg3 R1xg3 53. Nc7+ Kf7 54. Nb5 Rg1 55. Nxd6+ Ke6 56. Nf5 56... Rh1# {
Hossa checkmated} 0-1

[Event "ICS rated blitz match"]
[Site "204.178.125.65"]
[Date "1999.09.11"]
[Round "?"]
[White "Hossa"]
[Black "Uncle-Sam"]
[Result "1-0"]
[WhiteElo "2468"]
[BlackElo "2218"]
[PlyCount "72"]
[EventDate "1999.??.??"]

1. d4 Nf6 2. c4 g6 3. Nc3 Bg7 4. e4 O-O 5. Bg5 d6 6. Nf3 Bg4 7. Be2 Nc6 8. O-O
Nd7 9. d5 Bxf3 10. Bxf3 Nd4 11. Bg4 Ne5 12. Be2 c5 13. b3 a6 14. Kh1 Rb8 15.
Qd2 b5 16. Rac1 Rb7 17. cxb5 axb5 18. f4 Nxe2 19. Qxe2 b4 20. fxe5 bxc3 21.
exd6 Qxd6 22. Qe3 Bd4 23. Qe1 e6 24. Bf4 e5 25. Bh6 Ra8 26. Rc2 Rba7 27. a4 c4
28. bxc4 Rxa4 29. Rf3 Ra1 30. Rc1 c2 31. Qe2 Rxc1+ 32. Bxc1 Qb4 33. Rf1 Qc3 34.
Rf6 Ra1 35. Rf1 Be3 36. Qf3 36... Bf4 {Uncle-Sam resigns} 1-0

[Event "ICS rated blitz match"]
[Site "204.178.125.65"]
[Date "1999.09.11"]
[Round "?"]
[White "Hossa"]
[Black "Uncle-Sam"]
[Result "1-0"]
[WhiteElo "2473"]
[BlackElo "2230"]
[PlyCount "57"]
[EventDate "1999.??.??"]

1. d4 e6 2. e4 d5 3. Nd2 Nf6 4. Bd3 c5 5. e5 Nfd7 6. c3 Nc6 7. Ne2 cxd4 8. cxd4
Qb6 9. Nb3 f6 10. exf6 Nxf6 11. O-O Bd6 12. Bf4 Bxf4 13. Nxf4 Bd7 14. Re1 O-O
15. Nxe6 Rfe8 16. Bf5 Ne4 17. Nxg7 Re7 18. Bxe4 dxe4 19. Nh5 Rf8 20. Ng3 a5 21.
Rxe4 Rxe4 22. Nxe4 a4 23. Nec5 Bf5 24. Nxa4 Qb4 25. Nc3 Bd7 26. Qh5 Qd6 27.
Qg5+ Kh8 28. Ne4 Nxd4 29. Nxd6 {Uncle-Sam resigns} 1-0

[Event "ICS rated blitz match"]
[Site "204.178.125.65"]
[Date "1999.09.11"]
[Round "?"]
[White "Hossa"]
[Black "Uncle-Sam"]
[Result "1-0"]
[WhiteElo "2453"]
[BlackElo "2250"]
[PlyCount "61"]
[EventDate "1999.??.??"]

1. d4 e6 2. e4 d5 3. Nd2 Nf6 4. Bd3 c5 5. e5 Nfd7 6. c3 Nc6 7. Ne2 Qb6 8. Nf3
cxd4 9. cxd4 f6 10. exf6 Nxf6 11. O-O Bd6 12. Re1 O-O 13. Bf4 Bb4 14. Bd2 Bd6
15. Bc3 Bd7 16. Rc1 Be8 17. Qd2 Bh5 18. Ng5 e5 19. dxe5 Bxe5 20. Bxe5 Nxe5 21.
Nf4 Rae8 22. Bxh7+ Nxh7 23. Nxh5 Nxg5 24. Qxg5 Qxf2+ 25. Kh1 g6 26. Ng3 Qf6 27.
Qd2 Ng4 28. Rxe8 Rxe8 29. Qxd5+ Kh7 30. Qd7+ Re7 31. Qxg4 {Uncle-Sam resigns}
1-0

[Event "ICS rated blitz match"]
[Site "204.178.125.65"]
[Date "1999.09.11"]
[Round "?"]
[White "Hossa"]
[Black "Uncle-Sam"]
[Result "1-0"]
[WhiteElo "2480"]
[BlackElo "2206"]
[PlyCount "71"]
[EventDate "1999.??.??"]

1. d4 d5 2. c4 Bf5 3. Qb3 e5 4. Qxb7 Nd7 5. dxe5 d4 6. Nf3 Rb8 7. Qxa7 Bc5 8.
Qa4 Ne7 9. Nbd2 O-O 10. a3 Ng6 11. b4 Bb6 12. c5 Bxc5 13. bxc5 Nxc5 14. Qxd4
Qe7 15. e3 Rfd8 16. Qc3 Nd3+ 17. Bxd3 Bxd3 18. a4 c5 19. a5 Nf8 20. Ba3 Ne6 21.
Rd1 Qb7 22. Bxc5 Rbc8 23. Nb3 Qa6 24. Qb4 Rd5 25. Rc1 h6 26. Rc3 Rc6 27. e4
Bxe4 28. Qxe4 Rdxc5 29. Nxc5 Rxc5 30. Rxc5 Nxc5 31. Qd5 Qb5 32. Qd8+ Kh7 33.
Qb6 Qc4 34. Rg1 Nd3+ 35. Kd2 Qd5 36. Qb1 {Uncle-Sam resigns} 1-0

[Event "ICS rated blitz match"]
[Site "204.178.125.65"]
[Date "1999.08.28"]
[Round "?"]
[White "Hossa"]
[Black "VESta"]
[Result "1-0"]
[WhiteElo "2463"]
[BlackElo "2220"]
[PlyCount "41"]
[EventDate "1999.??.??"]

1. d4 Nf6 2. Nf3 e6 3. c4 d5 4. Bg5 Be7 5. e3 O-O 6. Nc3 Nbd7 7. Bd3 c5 8. cxd5
Nxd5 9. Bxe7 Nxe7 10. O-O cxd4 11. exd4 Ng6 12. Bxg6 hxg6 13. Rc1 b6 14. d5 Ba6
15. Re1 exd5 16. Nxd5 Nc5 17. Rxc5 bxc5 18. Ne7+ Kh8 19. Qa4 c4 20. Qxa6 Re8
21. Qxc4 {VESta resigns} 1-0

[Event "ICS rated blitz match"]
[Site "204.178.125.65"]
[Date "1999.09.30"]
[Round "?"]
[White "Hossa"]
[Black "VESta"]
[Result "1-0"]
[WhiteElo "2483"]
[BlackElo "2116"]
[PlyCount "103"]
[EventDate "1999.??.??"]

1. d4 d5 2. c4 c6 3. Nc3 e6 4. e4 dxe4 5. Nxe4 Bb4+ 6. Nc3 Nf6 7. a3 Be7 8. Be3
O-O 9. Bd3 Nbd7 10. Nf3 e5 11. Nxe5 Nxe5 12. dxe5 Ng4 13. Bf4 Bg5 14. Bg3 Re8
15. O-O Nxe5 16. Bxe5 Rxe5 17. f4 Re3 18. Bxh7+ Kxh7 19. fxg5 Qxd1 20. Nxd1 Re7
21. Nc3 Be6 22. Rf4 Rd8 23. h4 Rd2 24. Ra2 Red7 25. b3 Rxa2 26. Nxa2 Rd1+ 27.
Kh2 Rd2 28. Nc1 Rc2 29. Nd3 b5 30. Ne5 bxc4 31. bxc4 Kg8 32. Nxc6 Bxc4 33. Nxa7
Bd5 34. Rg4 g6 35. Nb5 Rc5 36. Nd6 Ra5 37. Rd4 Bc6 38. Nc4 Ra4 39. g3 Bb5 40.
Rd8+ Kg7 41. Nd6 Bc6 42. Rc8 Bd5 43. Ne8+ Kf8 44. Nf6+ Ke7 45. Nxd5+ Kd6 46.
Nc3 Ra5 47. Rc4 Ke6 48. a4 Ra7 49. Ne4 Ke5 50. Nf6 Kf5 51. Re4 Ra6 52. g4# {
VESta checkmated} 1-0

[Event "ICS rated blitz match"]
[Site "204.178.125.65"]
[Date "1999.09.06"]
[Round "?"]
[White "Hossa"]
[Black "VESta"]
[Result "1/2-1/2"]
[WhiteElo "2458"]
[BlackElo "2229"]
[PlyCount "41"]
[EventDate "1999.??.??"]

1. e4 e5 2. Nf3 Nc6 3. Bc4 Nf6 4. O-O Bc5 5. d3 a6 6. Be3 d6 7. Bxc5 dxc5 8.
Ng5 O-O 9. Nc3 h6 10. Nf3 Bg4 11. h3 Bh5 12. a3 Nd4 13. g4 Nxg4 14. Nxd4 exd4
15. hxg4 Qg5 16. f4 Qh4 17. gxh5 Qg3+ 18. Kh1 Qh3+ 19. Kg1 Qg3+ 20. Kh1 Qh3+
21. Kg1 {Game drawn by mutual agreement} 1/2-1/2

[Event "ICS rated blitz match"]
[Site "204.178.125.65"]
[Date "1999.09.06"]
[Round "?"]
[White "Hossa"]
[Black "VESta"]
[Result "1/2-1/2"]
[WhiteElo "2457"]
[BlackElo "2189"]
[PlyCount "42"]
[EventDate "1999.??.??"]

1. e4 e5 2. Nf3 Nc6 3. Bc4 Nf6 4. O-O Bc5 5. d3 a6 6. Be3 d6 7. Bxc5 dxc5 8.
Ng5 O-O 9. Nc3 h6 10. Nf3 Bg4 11. h3 Bh5 12. a3 Nd4 13. g4 Nxg4 14. Nxd4 exd4
15. hxg4 Qg5 16. f4 Qh4 17. gxh5 Qg3+ 18. Kh1 Qh3+ 19. Kg1 Qg3+ 20. Kh1 Qh3+
21. Kg1 21... Qg3+ {Game drawn by repetition} 1/2-1/2

[Event "ICS rated blitz match"]
[Site "204.178.125.65"]
[Date "1999.09.15"]
[Round "?"]
[White "Hossa"]
[Black "VESta"]
[Result "1-0"]
[WhiteElo "2412"]
[BlackElo "2065"]
[PlyCount "55"]
[EventDate "1999.??.??"]

1. d4 d5 2. c4 c6 3. Nc3 Nf6 4. Nf3 e6 5. Bg5 h6 6. Bxf6 Qxf6 7. e3 g6 8. cxd5
exd5 9. Bd3 Bg7 10. O-O O-O 11. Qb3 Nd7 12. e4 dxe4 13. Nxe4 Qf4 14. Ng3 Kh7
15. Nh5 Qd6 16. Nxg7 Kxg7 17. Rfe1 b6 18. Re3 Nf6 19. Rae1 Be6 20. Bc4 Bxc4 21.
Qxc4 Qd5 22. Qa6 Rfe8 23. Re7 Rxe7 24. Rxe7 Qd6 25. Rxf7+ Kxf7 26. Qb7+ Nd7 27.
Qxa8 Qf4 28. Qxc6 {VESta resigns} 1-0

[Event "ICS rated blitz match"]
[Site "204.178.125.65"]
[Date "1999.08.31"]
[Round "?"]
[White "Hossa"]
[Black "VESta"]
[Result "1-0"]
[WhiteElo "2563"]
[BlackElo "2244"]
[PlyCount "53"]
[EventDate "1999.??.??"]

1. d4 d5 2. c4 c6 3. Nc3 Nf6 4. e3 e6 5. Bd3 Nbd7 6. Nge2 Bd6 7. cxd5 exd5 8.
Bf5 Nf8 9. Bxc8 Rxc8 10. O-O Ng6 11. f3 O-O 12. e4 Bb4 13. Bg5 Be7 14. Bxf6
Bxf6 15. Qa4 dxe4 16. fxe4 Qb6 17. b3 Rcd8 18. Rad1 Rfe8 19. Rf5 a6 20. Rf3 Nh4
21. Rf2 Ng6 22. Qc4 Qc7 23. Nd5 Qd6 24. Nxf6+ gxf6 25. Ng3 Qe6 26. Qf1 Rd7 27.
Nh5 {VESta resigns} 1-0

[Event "ICS rated blitz match"]
[Site "204.178.125.65"]
[Date "1999.08.28"]
[Round "?"]
[White "Hossa"]
[Black "VESta"]
[Result "1-0"]
[WhiteElo "2508"]
[BlackElo "2224"]
[PlyCount "87"]
[EventDate "1999.??.??"]

1. d4 d5 2. c4 c6 3. Nc3 Nf6 4. e3 e6 5. Bd3 Nbd7 6. Nge2 Bd6 7. cxd5 exd5 8.
Bf5 O-O 9. O-O Re8 10. Bd2 Nf8 11. Qc2 Bxf5 12. Qxf5 Qc8 13. Qxc8 Raxc8 14. f3
Ng6 15. Rac1 Nh4 16. Rc2 Nf5 17. e4 dxe4 18. fxe4 Nxd4 19. Nxd4 Bc5 20. Nce2
Nxe4 21. Be3 Bb6 22. Nf5 Bxe3+ 23. Nxe3 Nf6 24. Nf5 Rcd8 25. Nc3 Nd5 26. Nxd5
Rxd5 27. Rf3 h6 28. Re3 Rd1+ 29. Kf2 Red8 30. Re7 R1d2+ 31. Rxd2 Rxd2+ 32. Re2
Rd7 33. g4 Kh7 34. Re7 Rd2+ 35. Kf3 Rxb2 36. Rxf7 Rxa2 37. Rxg7+ Kh8 38. Rxb7
Rxh2 39. Rxa7 Rd2 40. Nxh6 c5 41. g5 Rd3+ 42. Kf4 Rh3 43. Rc7 c4 44. Kf5 {
VESta resigns} 1-0

[Event "ICS rated blitz match"]
[Site "204.178.125.65"]
[Date "1999.10.03"]
[Round "?"]
[White "Hossa"]
[Black "VESta"]
[Result "1/2-1/2"]
[WhiteElo "2465"]
[BlackElo "2146"]
[PlyCount "61"]
[EventDate "1999.??.??"]

1. e4 e5 2. Nf3 Nc6 3. Bb5 a6 4. Ba4 Nf6 5. O-O Be7 6. Re1 b5 7. Bb3 d6 8. c3
O-O 9. h3 Na5 10. Bc2 c5 11. d4 Bb7 12. dxe5 dxe5 13. Qxd8 Rfxd8 14. Nxe5 Bxe4
15. Bxe4 Nxe4 16. Nf3 f5 17. Nbd2 Nxd2 18. Bxd2 Bf6 19. Bf4 Nc4 20. Bc1 Re8 21.
Kf1 Rxe1+ 22. Nxe1 Rd8 23. Nf3 h6 24. h4 Kf7 25. a4 b4 26. cxb4 cxb4 27. Rb1 b3
28. Ke1 Nb6 29. Ra1 Nc4 30. Rb1 Nb6 31. Ra1 {Game drawn by mutual agreement}
1/2-1/2

[Event "ICS rated blitz match"]
[Site "204.178.125.65"]
[Date "1999.08.29"]
[Round "?"]
[White "Hossa"]
[Black "VESta"]
[Result "1-0"]
[WhiteElo "2466"]
[BlackElo "2260"]
[PlyCount "69"]
[EventDate "1999.??.??"]

1. e4 e5 2. Nf3 Nc6 3. Bc4 Nf6 4. O-O Bc5 5. d3 d6 6. Be3 O-O 7. Bxc5 dxc5 8.
Nbd2 Qe7 9. c3 Be6 10. Bb5 Bd7 11. Bxc6 Bxc6 12. Nc4 Nd7 13. Na5 Qf6 14. Qd2 b6
15. Nxc6 Qxc6 16. Nh4 g6 17. f4 Rad8 18. Nf3 exf4 19. Qxf4 Qd6 20. Qh6 f6 21.
d4 cxd4 22. cxd4 Rf7 23. Rad1 Qf8 24. Qf4 Qd6 25. Qc1 Rff8 26. Kh1 Qe7 27. Qxc7
Qxe4 28. Qxa7 Rf7 29. Rde1 Qd5 30. Qc7 Rdf8 31. a3 Qb3 32. Qc1 b5 33. Rf2 Nb6
34. Qh6 Nc4 35. Ng5 {VESta resigns} 1-0

[Event "ICS rated blitz match"]
[Site "204.178.125.65"]
[Date "1999.09.04"]
[Round "?"]
[White "Hossa"]
[Black "VESta"]
[Result "1-0"]
[WhiteElo "2436"]
[BlackElo "2117"]
[PlyCount "111"]
[EventDate "1999.??.??"]

1. e4 e6 2. d4 d5 3. Nc3 dxe4 4. Nxe4 Nf6 5. Nxf6+ Qxf6 6. Nf3 h6 7. c3 Bd6 8.
Bc4 O-O 9. O-O Nc6 10. Be3 e5 11. Bb5 Bg4 12. Bxc6 bxc6 13. dxe5 Bxe5 14. Bd4
Bxd4 15. Qxd4 Bxf3 16. Qxf6 gxf6 17. gxf3 Rab8 18. b3 Rfd8 19. Rfe1 Kf8 20. c4
Rd2 21. Kg2 a5 22. Re4 a4 23. bxa4 Rbb2 24. Rh4 Rxf2+ 25. Kg3 Rg2+ 26. Kf4 Rxa2
27. Rxa2 Rxa2 28. Kf5 Rxa4 29. Kxf6 c5 30. Rxh6 Ra6+ 31. Kg5 Ra4 32. Rh4 Kg7
33. Rg4 Ra2 34. h4 Rd2 35. Kh5+ Kf6 36. Rf4+ Kg7 37. Rf5 Rf2 38. Kg4 Rg2+ 39.
Kf4 Rh2 40. Kg3 Re2 41. Rxc5 Re7 42. Kg4 Kf6 43. h5 Re1 44. Rxc7 Rg1+ 45. Kf4
Rh1 46. Rc6+ Kg7 47. h6+ Kh7 48. Kg5 Rg1+ 49. Kf5 Rh1 50. f4 Rh5+ 51. Ke4 Ra5
52. c5 Ra4+ 53. Kf5 Rd4 54. Rd6 Rc4 55. c6 Rc5+ 56. Ke4 {VESta resigns} 1-0

[Event "ICS rated blitz match"]
[Site "204.178.125.65"]
[Date "1999.09.04"]
[Round "?"]
[White "Hossa"]
[Black "VESta"]
[Result "1-0"]
[WhiteElo "2444"]
[BlackElo "2136"]
[PlyCount "73"]
[EventDate "1999.??.??"]

1. e4 e5 2. Nf3 Nc6 3. Bb5 a6 4. Ba4 Nf6 5. O-O Be7 6. Re1 b5 7. Bb3 d6 8. c3
O-O 9. h3 Na5 10. d4 Nxb3 11. axb3 Bb7 12. Nbd2 Nd7 13. b4 Bf6 14. Nb3 Rb8 15.
d5 Nb6 16. Na5 Ba8 17. Be3 g6 18. Nb3 Bb7 19. Bh6 Bg7 20. Qc1 Nc4 21. Bxg7 Kxg7
22. Na5 Nxa5 23. Rxa5 Ra8 24. Ng5 h6 25. Nf3 c6 26. dxc6 Bxc6 27. Qe3 Qc7 28.
Nh4 Qa7 29. Qe2 Bd7 30. Rd1 Qc7 31. Qd3 Bc6 32. Nf3 Rfd8 33. Qe3 f5 34. exf5
gxf5 35. Nh4 Qf7 36. Qb6 Bb7 37. Nxf5+ {VESta resigns} 1-0

[Event "ICS rated blitz match"]
[Site "204.178.125.65"]
[Date "1999.09.02"]
[Round "?"]
[White "Hossa"]
[Black "VESta"]
[Result "1-0"]
[WhiteElo "2519"]
[BlackElo "2213"]
[PlyCount "115"]
[EventDate "1999.??.??"]

1. e4 e5 2. Nf3 Nc6 3. Bb5 Bc5 4. O-O Nd4 5. Nxd4 Bxd4 6. c3 Bb6 7. d4 c6 8.
Bc4 d6 9. dxe5 dxe5 10. Qxd8+ Bxd8 11. Rd1 Bc7 12. Be3 Nf6 13. f3 O-O 14. Na3
Bb6 15. Bxb6 axb6 16. g4 h6 17. h4 Re8 18. g5 hxg5 19. hxg5 Nh5 20. g6 Be6 21.
Bxe6 Rxe6 22. gxf7+ Kxf7 23. Rd7+ Re7 24. Rxe7+ Kxe7 25. Nc4 Ke6 26. Nxb6 Rd8
27. Na4 Rd2 28. Nc5+ Ke7 29. Nxb7 Rxb2 30. Na5 Nf4 31. Nxc6+ Kd6 32. Na5 Rg2+
33. Kf1 Rc2 34. Nc4+ Ke6 35. Rb1 Rxc3 36. Rb6+ Ke7 37. Nxe5 Rc1+ 38. Kf2 Rc2+
39. Ke3 Ng2+ 40. Kd4 Rxa2 41. Rb7+ Kf6 42. Rf7+ Ke6 43. Rxg7 Nf4 44. Nc4 Rg2
45. Rxg2 Nxg2 46. e5 Nf4 47. Ke4 Nd5 48. f4 Nc3+ 49. Kf3 Nd5 50. Nd6 Ne7 51.
Ke4 Kd7 52. f5 Nc6 53. Nf7 Ke7 54. Ng5 Nb4 55. f6+ Ke8 56. e6 Nc6 57. Kd5 Nb4+
58. Kd6 {VESta resigns} 1-0

[Event "ICS rated blitz match"]
[Site "204.178.125.65"]
[Date "1999.09.20"]
[Round "?"]
[White "Hossa"]
[Black "Vieri"]
[Result "1-0"]
[WhiteElo "2343"]
[BlackElo "2081"]
[PlyCount "99"]
[EventDate "1999.??.??"]

1. e4 c5 2. Nf3 Nc6 3. d4 cxd4 4. Nxd4 Nf6 5. Nc3 e5 6. Ndb5 d6 7. a4 a6 8. Na3
Be6 9. Bc4 Be7 10. O-O Rc8 11. Bg5 Nd4 12. Bxe6 fxe6 13. Bxf6 Bxf6 14. Qh5+ g6
15. Qh6 Qe7 16. f4 exf4 17. Qxf4 O-O 18. Qe3 Be5 19. Qh3 Qg5 20. Rad1 Rxf1+ 21.
Rxf1 Kg7 22. Nd1 Ne2+ 23. Kh1 Nf4 24. Qf3 Qh6 25. Nf2 Ne2 26. Ng4 Ng3+ 27. Qxg3
Bxg3 28. Nxh6 Bxh2 29. Rf7+ Kxh6 30. Kxh2 b5 31. axb5 axb5 32. Rb7 Rc5 33. Rxb5
Rc6 34. c3 g5 35. Nc2 Kg6 36. Nd4 Rc8 37. Rb6 Rd8 38. Nxe6 Re8 39. Rxd6 Kh5 40.
Ng7+ Kg4 41. Nxe8 h5 42. Nf6+ Kf4 43. Rd5 g4 44. Rxh5 g3+ 45. Kg1 Ke3 46. Rd5
Kf4 47. Kf1 Ke3 48. Ke1 Kf4 49. Rf5+ Ke3 50. Rf3# {Vieri checkmated} 1-0

[Event "ICS rated blitz match"]
[Site "204.178.125.65"]
[Date "1999.10.16"]
[Round "?"]
[White "Hossa"]
[Black "Weak-mater"]
[Result "1-0"]
[WhiteElo "2547"]
[BlackElo "2511"]
[PlyCount "97"]
[EventDate "1999.??.??"]

1. e4 e5 2. Nf3 Nc6 3. Bb5 a6 4. Ba4 Nf6 5. O-O Be7 6. Re1 b5 7. Bb3 O-O 8. c3
d5 9. exd5 Nxd5 10. Nxe5 Nxe5 11. Rxe5 c6 12. d4 Bd6 13. Re1 Qh4 14. g3 Qh3 15.
Re4 g5 16. f3 Bf5 17. Re2 g4 18. Nd2 Bd3 19. Re4 gxf3 20. Qxf3 Bxe4 21. Nxe4
Be7 22. Nf2 Qe6 23. Bd2 Rfb8 24. Re1 Qf6 25. Bxd5 cxd5 26. Qxd5 Rd8 27. Qh5 Re8
28. Ng4 Qg6 29. Nh6+ Kf8 30. Qf3 Bf6 31. Rf1 Kg7 32. h4 Ra7 33. h5 Bxd4+ 34.
cxd4 Qe6 35. d5 Qb6+ 36. Kh1 b4 37. Qg4+ Kh8 38. Rxf7 Qxh6 39. Bxh6 Rxf7 40.
Be3 Rxe3 41. Qd4+ Kg8 42. Qxe3 Rf1+ 43. Kg2 Rf7 44. Qe8+ Rf8 45. Qe6+ Kh8 46.
h6 a5 47. Qe5+ Rf6 48. Qxf6+ Kg8 49. Qg7# {Weak-mater checkmated} 1-0

[Event "ICS rated blitz match"]
[Site "204.178.125.65"]
[Date "1999.10.17"]
[Round "?"]
[White "Hossa"]
[Black "Weak-mater"]
[Result "1-0"]
[WhiteElo "2522"]
[BlackElo "2516"]
[PlyCount "27"]
[EventDate "1999.??.??"]

1. d4 Nf6 2. Nf3 g6 3. c4 Bg7 4. Nc3 O-O 5. e4 d6 6. Be2 e5 7. O-O Nc6 8. d5
Ne7 9. Bg5 Nh5 10. Qd2 Bg4 11. Bh6 Bxh6 12. Qxh6 Nf4 13. Ng5 Bxe2 14. Qxh7# {
Weak-mater checkmated} 1-0